Quick Pick: Apollos on Moon Quiz Stats

 Plays Quiz Updated Oct 30, 2019

Score 0/6 Timer 00:30
9 Plays Today
% Correct
Apollo 11
92%
Apollo 14
84.7%
Apollo 15
83.1%
Apollo 12
82.2%
Apollo 16
79.2%
Apollo 17
69%

Today's Daily Dose

Missing Word
Sherlocks

Word Ladder
King of the Hill

Quick Pick
Songs in Pink

Get the Picture
NBA Teammates

You're not logged in!

Compare scores with friends on all Sporcle quizzes.
OR
Log In

Sporcle TV

Today on Sporcle TV


Watch our educational content, quiz creation guides, and fun videos on Sporcle TV.

Show Comments

Extras

Top Quizzes Today


Score Distribution

Your Account Isn't Verified!

In order to create a playlist on Sporcle, you need to verify the email address you used during registration. Go to your Sporcle Settings to finish the process.

Report this User

Report this user for behavior that violates our Community Guidelines.

Details: